Slaying Dragons: The Truth Behind the Man Who Defended Paula Jones / (Record no. 616860)
[ view plain ]
| 000 -LEADER | |
|---|---|
| fixed length control field | 00412nam a22001337a 4500 |
| 020 ## - INTERNATIONAL STANDARD BOOK NUMBER | |
| Qualifying information | HB. |
| 040 ## - CATALOGING SOURCE | |
| Transcribing agency | FIZZA ISHAQ |
| 082 ## - DEWEY DECIMAL CLASSIFICATION NUMBER | |
| Classification number | 340.092 |
| Author Mark | WHI |
| 100 ## - MAIN ENTRY--PERSONAL NAME | |
| Personal name | Whitehead , John W. |
| 9 (RLIN) | 133902 |
| 245 ## - TITLE STATEMENT | |
| Title | Slaying Dragons: The Truth Behind the Man Who Defended Paula Jones / |
| Statement of responsibility, etc. | John W. Whitehead. |
| 260 ## - PUBLICATION, DISTRIBUTION, ETC. | |
| Place of publication, distribution, etc. | New York: |
| Name of publisher, distributor, etc. | Thomas Nelson Inc, |
| Date of publication, distribution, etc. | 1999. |
| 300 ## - PHYSICAL DESCRIPTION | |
| Extent | 338 P. ; |
| Dimensions | 6 x 1.25 x 8.75 inches |
| 942 ## - ADDED ENTRY ELEMENTS (KOHA) | |
| Source of classification or shelving scheme | |
| Koha item type | Book |
| Withdrawn status | Lost status | Source of classification or shelving scheme | Damaged status | Not for loan | Permanent Location | Current Location | Shelving location | Date acquired | Total Checkouts | Full call number | Barcode | Date last seen | Price effective from | Koha item type |
|---|---|---|---|---|---|---|---|---|---|---|---|---|---|---|
| NUST Baluchistan Campus (NBC) | NUST Baluchistan Campus (NBC) | General Stacks | 04/07/2026 | 340.092 WHI | QD-500 | 04/07/2026 | 04/07/2026 | Book |
